Coffees - Baobab Cafe - Statistics

General Stats
  • This quiz has been taken 10 times
  • The average score is 3 of 14
Answer Stats
Coffees % Correct
Latte
88%
Americano
63%
Espresso
63%
Capuccino
50%
Flat White
38%
Filter Coffee
25%
Espresso Macchiato
13%
Cafetiere
0%
Coffee Connoisseur
0%
Espresso Con Panna
0%
Italian Hot Chocolate
0%
Italian White Hot Chocolate
0%
Spiced Chai Latte
0%
Vegan Hot Chocolate
0%
No matching quizzes found
Score Distribution
Percent of People with Each Score
Percentile by Number Answered
Your Score History
You have not taken this quiz